00587nam a22002057a 4500003000500000005001700005008004100022010001000063011001000073035001000083040000900093111009000102245008100192260002500273300000900298490001900307650002700326710000900353830001900362CHAP20220817041741.0971013s1967 r 10010 d a23335 a24307 a28406 cCHAP00aComisión Forestal de América del Norte. Reunión (n4d: 1967c: México, D.F.) aInforme sobre investigación y avances en ingeniería forestal en Canadá a(Roma) :bFAO,c1967 a5 h. aFO:NAFC-67/11a14aIngeniería forestal.0 aFAO.0 aFO:NAFC-67/11a